000 01105nam a2200337 i 4500
001 196728
003 ES-MaACL
005 20251017063118.0
007 ta
008 241021s1989 sp 000 1 spadd
035 _aRebiun06229942
040 _bspa
_cES-MaACL
_dES-MaACL
080 _a860
080 _a82-1
100 _aPérez Estrada, Rafael,
_d1934-2000
_eaut
_9239269
245 1 0 _aDe los brillos marinos /
_cRafael Pérez Estrada.
260 _a[Málaga :
_bs.n.],
_c1989 (
_eMálaga :
_fGrafiper)
300 _a[4] p. ;
_c21 cm
336 _2rdacontent
_atexto
337 _2rdamedia
_asin mediación
338 _2rdacarrier
_avolumen
490 1 _aAquilea ;
_v2
655 7 _2tgfbne
_9226859
_aPoemas en prosa
830 _9228342
_aAquilea ;
_v2
852 _aES-MaACL
_cDEPOF
_jFOLL-BUE-98
_hLegado: Antonio Buero Vallejo
_9204433
903 _932421
_aBuero Vallejo, Antonio,
_q1
_d1916-2000
_ednr
942 _n0
_cFOLLETOS
999 _c196728
_d196728